LEADER 00870cam0 22002533 450 001 SOB004767 005 20201221110636.0 010 $a8809400712 100 $a20040211d1994 |||||ita|0103 ba 101 $aita 102 $aIT 200 1 $aMOT-R$eProve per l'esame della motivazione all'apprendimento e alla lettura$eManuale e guida per la correzione$fCesare Cornoldi 210 $aFirenze$cOrganizzazioni Speciali$d1994 215 $a30 p.$d24 cm.$emateriale allegato 700 1$aCornoldi$b, Cesare$3AF00005809$4070$0437867 801 0$aIT$bUNISOB$c20201221$gRICA 850 $aUNISOB 852 $aUNISOB$j150$m105396 912 $aSOB004767 940 $aM 102 Monografia moderna SBN 941 $aM 957 $a150$b001493$gSI$d105396$racquisto$1carrano$2UNISOB$3UNISOB$420120524091555.0$520190612093446.0$6Spinosa 996 $aMOT-R$91730532 997 $aUNISOB